Geography Quiz

Random Geography or City Quiz

Most Populous US Cities Minefield Quiz Stats

 Plays Quiz Updated May 22, 2014

Support Sporcle.
Go Orange.
Score 0/50 Timer 10:00
0 Plays Today
% Correct
???
51.3%
???
48%
???
47%
???
42.2%
???
41.5%
???
39.9%
???
39.3%
???
37.9%
???
36.6%
???
35.9%
???
33.8%
???
31.1%
???
29.5%
???
28.1%
???
27%
???
26.5%
???
26.5%
???
26.2%
???
26.1%
???
25.9%
???
25%
???
24.8%
???
23.3%
???
22.6%
???
22.6%
% Correct
???
21.9%
???
21%
???
20.2%
???
20%
???
19.8%
???
19.1%
???
18.7%
???
16.9%
???
16.9%
???
15.5%
???
13.9%
???
13.6%
???
13.2%
???
12.5%
???
11.3%
???
10.5%
???
10.3%
???
9.6%
???
9.5%
???
8.4%
???
8%
???
8%
???
7.1%
???
5.6%
???
5.4%

You're not logged in!

Compare scores with friends on all Sporcle quizzes.
OR
Log In

From the Vault

Click the Spider-Man Characters

by bortoluka

Don't get caught up in the weird web of characters and timelines.
Remove Ads.
Support Sporcle.
Get the best of Sporcle when you Go Orange. This ad-free experience offers more features, more stats, and more fun while also helping to support Sporcle. Thank you for becoming a member.

Show Comments

Extras

Top Quizzes Today


Score Distribution

Your Account Isn't Verified!

In order to create a playlist on Sporcle, you need to verify the email address you used during registration. Go to your Sporcle Settings to finish the process.

Report this User

Report this user for behavior that violates our Community Guidelines.

Details: